Định giá sản phẩm bảo hiểm nhân thọ cá nhân : Luận văn Thạc sĩ Toán học. Chuyên ngành: Lý thuyết xác suất và thống kê toán học

Đề tài nghiên cứu về định giá sản phẩm bảo hiểm nhân thọ, những giả định về định giá bảo hiểm nhân thọ, định giá để chia tài sản, sự biến thiên của lợi nhuận,...

Đã lưu trong:
书目详细资料
主要作者: Đoàn, Bá Phúc
格式: 图书
语言:Undetermined
出版: Cần Thơ Trường Đại học Cần Thơ 2010
主题:
标签: 添加标签
没有标签, 成为第一个标记此记录!
Thư viện lưu trữ: Trung tâm Học liệu Trường Đại học Cần Thơ
LEADER 01110nam a2200217Ia 4500
001 CTU_161693
008 210402s9999 xx 000 0 und d
082 |a 519.2 
082 |b Ph506 
088 |a 604615 
100 |a Đoàn, Bá Phúc 
245 0 |a Định giá sản phẩm bảo hiểm nhân thọ cá nhân : 
245 0 |b Luận văn Thạc sĩ Toán học. Chuyên ngành: Lý thuyết xác suất và thống kê toán học 
245 0 |c Đoàn Bá Phúc; Tô Anh Dũng ( Hướng dẫn Khoa học ) 
260 |a Cần Thơ 
260 |b Trường Đại học Cần Thơ 
260 |c 2010 
520 |a Đề tài nghiên cứu về định giá sản phẩm bảo hiểm nhân thọ, những giả định về định giá bảo hiểm nhân thọ, định giá để chia tài sản, sự biến thiên của lợi nhuận,... 
650 |a Xác suất,Life insurance,Bảo hiểm nhân thọ,Probabilities 
904 |i Nhớ, Hồng 
980 |a Trung tâm Học liệu Trường Đại học Cần Thơ